Movie by Difficulty VII Quiz Stats

Quiz Updated Aug 20, 2016

Challenge
Share
Tweet
Score 0/30 Timer 08:00
5 Plays Today
% Correct
Good Will Hunting
91%
Pretty Woman
90.3%
Bridesmaids
89.7%
Gone with the Wind
88.5%
The King's Speech
88.3%
Transformers
86.4%
Guardians of the Galaxy
84.7%
Scream
82.3%
The Elephant Man
78.7%
Platoon
68.5%
A Series of Unfortunate Events
60.7%
A.I. Artificial Intelligence
47.9%
Tremors
45.4%
Sense and Sensibility
45.1%
Chef
36.4%
% Correct
Chappie
34.5%
The 'Burbs
33.1%
Patriot Games
30.8%
Blue Velvet
30.1%
Bull Durham
29.6%
Rumble Fish
13.4%
Buffalo '66
8.1%
The Last Detail
7.8%
Shattered Glass
6.5%
Lone Star
6.1%
Beginners
5.8%
Searching for Bobby Fischer
4.8%
Ravenous
4.7%
The Taking of Pelham One Two Three
3.8%
Pandorum
2.4%

You're not logged in!

Compare scores with friends on all Sporcle quizzes.
Sign Up with Email
OR
Log In

You Might Also Like...

Show Comments

Extras

Top Quizzes Today


Score Distribution

Your Account Isn't Verified!

In order to create a playlist on Sporcle, you need to verify the email address you used during registration. Go to your Sporcle Settings to finish the process.